| 000 | 00838cab a22001935a 4500 | ||
|---|---|---|---|
| 001 | L153713 | ||
| 008 | 110822s2011 xxk 000 0 eng d | ||
| 035 | _a(Sirsi) u153713 | ||
| 041 | 0 | _aeng | |
| 100 | 1 | _aEvans, Clive E. J. | |
| 245 | 0 | 4 | _aThe outlook of the quantity surveying profession in Canada |
| 260 | _c2011 | ||
| 490 |
_aConstruction Economist _vSummer 2011, 10-12(3) |
||
| 520 | _aSummary of a paper presented by a CIQS past president, it looks at government as the major industry across Canada, and suggests that the quantity surveying profession in Canada lags behind all of the Commonwealth countries and others; asks what quantity surveyors do in Canada and predicts that RICS Americas will benefit the profession in Canada. | ||
| 590 | _aKA | ||
| 651 | 4 | _aCanada | |
| 690 |
_aQuantity surveying _96263 |
||
| 942 | _n0 | ||
| 999 |
_c83354 _d83354 |
||